| 000 | 00799nas a2200253 4500 | ||
|---|---|---|---|
| 001 | BR9209561 | ||
| 003 | BR-BrBNA | ||
| 005 | 20231205093307.0 | ||
| 007 | ta | ||
| 008 | 230509b bl.|||p| |||| 00| 00por d | ||
| 040 |
_aBR-BrBNA _bpor _cBiblioteca Nacional de Agricultura |
||
| 041 | _a(Pt) | ||
| 072 | _aL60 | ||
| 100 | 1 | _aPavanelli, G.C. | |
| 100 | 1 | _aRego, A.A. | |
| 245 | 1 | _aNovas especies de proteocefalideos (Cestoda)de Hemisorubim platyhynchos (Pisces-Pimelodidae)do estado do Parana | |
| 650 | _aPEIXE | ||
| 650 | _aTAXONOMIA ANIMAL | ||
| 650 | _aDISTRIBUICAO GEOGRAFICA | ||
| 650 | _aPARANÁ | ||
| 773 | 0 |
_tRevista Brasileira de Biologia (Brazil) _xISSN 0034-7108 _g(May 1989), v. 49(2) p. 381-386 _wBR9209561 |
|
| 909 |
_a202311 _bLúcia _c55 _dLúcia Elande |
||
| 942 |
_2AGRIS _n0 _cANA |
||
| 999 |
_c137353 _d137353 |
||